000 01286nam a2200253Ia 4500
999 _c36926
_d36926
001 2877
003 GE_BSU
005 20190506104813.0
008 181216s1 ||||ge |||||||||||||| ||geo||
040 _cGE_BSU
041 _ageo
080 _a658(075.8)+005(042) მ–56
100 _aმესტვირიშვილი, გივი
_9733
245 _aმენეჯმენტის საფუძვლები :
_bსახელმძღვანელო /
_cგივი , მესტვირიშვილი ; ევგენი , ბარათაშვილი ; გურამ , ჯავახაძე ; რედ : გურამ მესტვირიშვილი
250 _aმე-2 განახლებული და შევსებული გამოცემა.
264 _aთბილისი . :
_bცოდნის წყარო ,
_c1997.
300 _a407გვ ;
_c21სმ.
541 _h13 ლ.
653 _aმენეჯმენტი
700 _a ბარათაშვილი , ევგენი
_9734
700 _aჯავახაძე , გურამ
_9735
700 _aმესტვირიშვილი , გურამ
_eრედაქტორი
_9736
942 _cBK
_2udc